Verejná knižnica
Gespeichert in:
| 1. Verfasser: | |
|---|---|
| Weitere Verfasser: | |
| Format: | Manuskript Buch |
| Sprache: | Slowakisch |
| Veröffentlicht: |
2025
|
| Schlagworte: | |
| Online-Zugang: | http://is.stuba.sk/zp/portal_zp.pl?podrobnosti=168524 CRZP |
| Tags: |
Keine Tags, Fügen Sie das erste Tag hinzu!
|
MARC
| LEADER | 00000ntm a22000003a 4500 | ||
|---|---|---|---|
| 001 | stuzp104517 | ||
| 003 | SK-STU | ||
| 005 | 20250724134729.7 | ||
| 007 | ta | ||
| 008 | 150427s2015----xo-----f-mn---000-0-slo-d | ||
| 040 | |a STU |b slo | ||
| 041 | 0 | |a slo | |
| 100 | 1 | |a Janteková, Lívia |u 010310 |4 aut |U SvF Stavebná fakulta |T SvF Katedra architektúry |X 115837 |U V181|V310 |Y 19 |7 115837 | |
| 242 | 0 | 1 | |a Public library |y eng |
| 245 | 1 | 0 | |a Verejná knižnica |
| 260 | |c 2025 | ||
| 650 | 4 | |a rekonštrukcia |2 slo | |
| 650 | 4 | |a komunita |2 slo | |
| 650 | 4 | |a verejná knižnica |2 slo | |
| 650 | 4 | |a bistro-kaviareň |2 slo | |
| 650 | 4 | |a renovation |2 eng | |
| 650 | 4 | |a community |2 eng | |
| 650 | 4 | |a public library |2 eng | |
| 650 | 4 | |a bistro-café |2 eng | |
| 700 | 1 | |a Poliak, Martin |u 010310 |k Z1 |4 ths |U SvF Stavebná fakulta |T SvF Katedra architektúry |X 62739 |U V181|V310 |Y 19 |7 62739 | |
| 856 | 4 | |u http://is.stuba.sk/zp/portal_zp.pl?podrobnosti=168524 | |
| 856 | 4 | |u https://opac.crzp.sk/?fn=detailBiblioForm&sid=C9A1C75A261DD259FC87441E26A3 |z CRZP | |